000 00304nam a2200121 i 4500
001 bg
245 0 _aRysunek elektryczny :
_bzbiór polskich norm.
260 _aWarszawa :
_bWydawnictwa Normalizacyjne,
_c1971.
040 _cBPK
041 _apol
942 _cKS
008 s pl f |000 0 pol
999 _c7296
_d7296
856 _uhttp://koha.tu.koszalin.pl/cgi-bin/koha/opac-detail.pl?biblionumber=7296
_yKatalog online BPK